LEADER 01396cam2-22004331i-450- 001 990001629710403321 005 20141106135308.0 035 $a000162971 035 $aFED01000162971 035 $a(Aleph)000162971FED01 035 $a000162971 100 $a20030910d1912----km-y0itay50------ba 101 0 $aita 102 $aIT 105 $aaf------001yy 200 1 $aCorsi d'acqua del litorale toscano a nord del Serchio e della riviera Ligure$fMinistero di agricoltura, industria e commercio 210 $aRoma$cTip. G. Bertero$d1912 215 $aXII, 472 p.$cill.$d27 cm$e2 c. geogr. ripieg. 461 0$1001000841397$12001$aCarta idrografica d'Italia 610 0 $aToscana$aCoste 610 0 $aToscana$aIdrografia 610 0 $aLiguria$aCoste 610 0 $aLiguria$aIdrografia 610 0 $aIdrografia 610 0 $aCarte idrografiche 676 $a551.48 710 01$aItalia.$bMinistero di agricoltura, industria e commercio$0332846 801 0$aIT$bUNINA$gRICA$2UNIMARC 901 $aBK 912 $a990001629710403321 952 $aS-01b-036$bIst. 2390$fILFGE 952 $aS-01b-040$bIst. 8848$fILFGE 952 $a60 551.49 B 23$b11771/72$fFAGBC 952 $aU 6/12$bs.i.$fDINGE 959 $aFAGBC 959 $aILFGE 959 $aDINGE 996 $aCorsi d'acqua del litorale toscano a nord del Serchio e della riviera Ligure$9366996 997 $aUNINA LEADER 01143nam0 2200301 i 450 001 SUN0013385 005 20070710120000.0 010 $a88-348-8128-1 020 $aIT$b99 442 100 $a20030403d1998 |0itac50 ba 101 $aita 102 $aIT 105 $a|||| ||||| 200 1 $aSulle origini del concetto di damnum$fGiuseppe Valditara 205 $a2. ed 210 $aTorino$cGiappichelli$d[1998] 215 $a81 p.$d24 cm. - Tit. dell'ed. precedente: Alle origini del concetto di damnum. 606 $aDamnum iniuria datum$2FI$3SUNC001306 620 $dTorino$3SUNL000001 676 $a346.3703$v21 700 1$aValditara$b, Giuseppe$3SUNV001861$0232140 712 $aGiappichelli$3SUNV000045$4650 801 $aIT$bSOL$c20181109$gRICA 912 $aSUN0013385 950 $aUFFICIO DI BIBLIOTECA DEL DIPARTIMENTO DI GIURISPRUDENZA$d00 CONS XVIII.Ehc.2 $e00 17078 995 $aUFFICIO DI BIBLIOTECA DEL DIPARTIMENTO DI GIURISPRUDENZA$h17078$kCONS XVIII.Ehc.2$op$qa 996 $aSulle origini del concetto di damnum$9716046 997 $aUNICAMPANIA